00369nam a2200133Ia 4500003000400000008004100004020002300045040000800068100001800076245008600094260002900180300001500209365001100224LDD181029s9999 xx 000 0 und d a8187365323c600.00 cLDD aGupta, Kalpna 0aAdolescent girls urban society and fimily lifebAn Analytical StudycKalpna Gupta aNew DelhibSunrisec2006 axvii, 195p b600.00